00469nam a2200157Ia 4500008004100000020001800041082001500059100002100074245006600095250000700161260005400168300002300222500001900245600003300264650001400297240925s9999 xx 000 0 und d a9789694948799 a920.02 HAR aHart, Michael H. 4aThe 100: a ranking of the most influential persons in history aNA aKarachi:bParamount Publishing Enterprisec,1978. a782p.b0fOriginal aIncludes Index aHumanities & Natural Science aBiography